[Event "Santo Domingo De La Madre op"]
[Site "Santo Domingo"]
[Date "2018.06.02"]
[Round "7"]
[White "Ramirez Paniagua, Luis Enrique"]
[Black "Toro Rojas, Freddy Alberto"]
[Result "1/2-1/2"]
[WhiteElo "1794"]
[BlackElo "1911"]
[PlyCount "71"]
[EventDate "2018.05.18"]
[EventType "swiss"]
[EventRounds "8"]
[EventCountry "DOM"]
[SourceTitle "CBM 184 Extra"]
[Source "ChessBase"]
[SourceDate "2018.06.28"]
[SourceVersion "1"]
[SourceVersionDate "2018.06.28"]
[SourceQuality "1"]

1. e4 c6 2. d3 d5 3. Nd2 e5 4. Ngf3 Bd6 5. g3 Nf6 6. Bg2 0-0 7. 0-0 dxe4 8. dxe4 Be6 9. Ng5 Bg4 10. Bf3 Bxf3 11. Ngxf3 Nbd7 12. Nh4 g6 13. Re1 Bc5 14. Qe2 Qe7 15. Nb3 Bb6 16. Bg5 Qe6 17. Rad1 Ng4 18. Rf1 f6 19. Bc1 f5 20. h3 Ngf6 21. exf5 gxf5 22. Nd2 f4 23. Qc4 Nd5 24. g4 h5 25. Qe4 Rf6 26. g5 Rf7 27. Kh2 Rg7 28. Ndf3 Rf8 29. c4 Ne7 30. b4 Bc7 31. Bb2 b5 32. c5 Nd5 33. a3 a6 34. Rde1 Re8 35. Nf5 Rg6 36. N5h4 1/2-1/2